<?xml version="1.0" encoding="UTF-8"?>
<record
    xmlns:xsi="http://www.w3.org/2001/XMLSchema-instance"
    xsi:schemaLocation="http://www.loc.gov/MARC21/slim http://www.loc.gov/standards/marcxml/schema/MARC21slim.xsd"
    xmlns="http://www.loc.gov/MARC21/slim">

  <leader>00608cam a22001814a 4500</leader>
  <datafield tag="020" ind1=" " ind2=" ">
    <subfield code="a">0792363329 (hc. : alk. paper)</subfield>
  </datafield>
  <datafield tag="040" ind1=" " ind2=" ">
    <subfield code="c">DLC</subfield>
  </datafield>
  <datafield tag="082" ind1="0" ind2="0">
    <subfield code="a">572 KLU 2001 A026 Or.</subfield>
  </datafield>
  <datafield tag="245" ind1="0" ind2="0">
    <subfield code="a">Regulation of photosynthesis /</subfield>
  </datafield>
  <datafield tag="260" ind1=" " ind2=" ">
    <subfield code="a">Dordrecht ;</subfield>
    <subfield code="a">Boston :</subfield>
    <subfield code="b">Kluwer Academic Publishers,</subfield>
    <subfield code="c">c2001.</subfield>
  </datafield>
  <datafield tag="300" ind1=" " ind2=" ">
    <subfield code="a">xviii, 7, 613 p. :</subfield>
    <subfield code="b">ill. ;</subfield>
    <subfield code="c">27 cm.</subfield>
  </datafield>
  <datafield tag="650" ind1=" " ind2="0">
    <subfield code="a">Photosynthesis</subfield>
  </datafield>
  <datafield tag="700" ind1="1" ind2=" ">
    <subfield code="a">Aro, Eva-Mari.</subfield>
  </datafield>
  <datafield tag="700" ind1="1" ind2=" ">
    <subfield code="a">Andersson, Bertil.</subfield>
  </datafield>
  <datafield tag="856" ind1="4" ind2="2">
    <subfield code="u">http://www.loc.gov/catdir/enhancements/fy0821/2001044371-d.html</subfield>
  </datafield>
  <datafield tag="856" ind1="4" ind2="1">
    <subfield code="u">http://www.loc.gov/catdir/enhancements/fy0821/2001044371-t.html</subfield>
  </datafield>
  <datafield tag="942" ind1=" " ind2=" ">
    <subfield code="c">EK</subfield>
  </datafield>
  <datafield tag="999" ind1=" " ind2=" ">
    <subfield code="c">13241</subfield>
    <subfield code="d">13241</subfield>
  </datafield>
  <datafield tag="952" ind1=" " ind2=" ">
    <subfield code="0">0</subfield>
    <subfield code="1">0</subfield>
    <subfield code="4">0</subfield>
    <subfield code="6">572_000000000000000_KLU_2001_A026_OR</subfield>
    <subfield code="7">0</subfield>
    <subfield code="9">63830</subfield>
    <subfield code="a">LBA</subfield>
    <subfield code="b">LBA</subfield>
    <subfield code="c">A026</subfield>
    <subfield code="d">2017-08-22</subfield>
    <subfield code="l">1</subfield>
    <subfield code="o">572 KLU 2001 A026 Or.</subfield>
    <subfield code="p">A19325</subfield>
    <subfield code="r">2023-02-17</subfield>
    <subfield code="s">2023-01-27</subfield>
    <subfield code="w">2017-08-22</subfield>
    <subfield code="y">EK</subfield>
  </datafield>
</record>
